000 00687nam a2200253Ia 4500
003 OSt
005 20221006143950.0
006 a|||||r|||| 00| 0
007 ta
008 221006b |||||||| |||| 00| 0 eng d
020 _c15.00
024 _a10,515
037 _cTextual
040 _aEASL
_cEASL
_beng
041 _2eng
_aeng
082 _aW,691xM18, L7
100 _aMANDEL Ernest
245 0 _aFrom class society to communism
_b An introduction to Marxism
260 _aSecunderabad
_bM. Venkatarangaiya Foundation
_c1983
300 _a184p.
_ccm.
490 _v Oth
942 _hW,691xM18, L7
_cTEXL
_2CC
999 _c1078601
_d1078601